[Event "VI Festival Grand Hotel Adriatico A"]
[Site "Montesilvano ITA"]
[Date "2015.03.07"]
[Round "1"]
[White "Carnicelli, Flavio"]
[Black "Marsili, Riccardo"]
[WhiteElo "1985"]
[BlackElo "2210"]
[Result "1/2-1/2"]
[PlyCount "62"]
[EventDate "2015.03.07"]

1. e4 c5 2. d4 cxd4 3. c3 dxc3 4. Nxc3 Nc6 5. Nf3 d6 6. Bc4 Nf6 7. e5 dxe5 8.
Qxd8+ Kxd8 9. Ng5 Na5 10. Bb5 Be6 11. Nxe6+ fxe6 12. Be3 Kc7 13. Rc1 Nc6 14.
Bc4 Nd5 15. Nxd5+ exd5 16. Bxd5 Rd8 17. Be4 e6 18. a3 a6 19. O-O Bd6 20. Rc3
Kd7 21. Rd1 h6 22. Bb6 Nd4 23. Rcd3 Ke7 24. Bxd4 exd4 25. Rxd4 b6 26. g3 Bc5
27. Rxd8 Rxd8 28. Rxd8 Kxd8 29. Kg2 Kd7 30. f4 Kd6 31. Bb7 a5 1/2-1/2

[Event "VI Festival Grand Hotel Adriatico A"]
[Site "Montesilvano ITA"]
[Date "2015.03.07"]
[Round "1"]
[White "Carnicelli, Valerio"]
[Black "Santinelli, Michele"]
[WhiteElo "2148"]
[BlackElo "1926"]
[Result "1-0"]
[PlyCount "71"]
[EventDate "2015.03.07"]

1. e4 d5 2. exd5 Qxd5 3. Nc3 Qd6 4. d4 Nf6 5. Be3 a6 6. Qd2 Bf5 7. f3 e6 8. Bd3
Bxd3 9. Qxd3 Nc6 10. Nge2 Nb4 11. Qd2 Nfd5 12. Bf2 Be7 13. Ne4 Qd7 14. c4 Nb6
15. b3 h6 16. O-O Nc6 17. a3 O-O 18. Rfd1 Rfd8 19. d5 exd5 20. Bxb6 cxb6 21.
cxd5 Ne5 22. d6 Bf8 23. Qd4 f5 24. Qxe5 fxe4 25. Qxe4 Bxd6 26. Kh1 Qf7 27. Rd5
Re8 28. Qd3 Bc5 29. Ng3 Re3 30. Qd1 Rae8 31. Ne4 Kh8 32. b4 Be7 33. Rd7 Qh5 34.
Rxb7 Bh4 35. Qd4 R3xe4 36. Qxg7# 1-0

[Event "VI Festival Grand Hotel Adriatico A"]
[Site "Montesilvano ITA"]
[Date "2015.03.07"]
[Round "1"]
[White "Laketic, Gojko"]
[Black "Capitelli, Paolo"]
[WhiteElo "2407"]
[BlackElo "2058"]
[Result "1/2-1/2"]
[PlyCount "34"]
[EventDate "2015.03.07"]

1. e4 c5 2. Nf3 e6 3. d3 d6 4. g3 g6 5. Bg2 Bg7 6. O-O Nc6 7. c3 Nge7 8. d4
cxd4 9. cxd4 d5 10. e5 O-O 11. Nc3 a6 12. h4 h5 13. Bg5 f6 14. exf6 Bxf6 15.
Bxf6 Rxf6 16. Qd2 Nf5 17. Rad1 Qb6 1/2-1/2

[Event "VI Festival Grand Hotel Adriatico A"]
[Site "Montesilvano ITA"]
[Date "2015.03.07"]
[Round "1"]
[White "Maksimovic, Miodrag"]
[Black "Martorelli, Antonio"]
[WhiteElo "2030"]
[BlackElo "2284"]
[Result "1-0"]
[PlyCount "75"]
[EventDate "2015.03.07"]

1. Nf3 Nf6 2. g3 g6 3. Bg2 Bg7 4. O-O O-O 5. d4 c5 6. c4 cxd4 7. Nxd4 Nc6 8.
Nc3 Ng4 9. e3 Nge5 10. b3 d6 11. Bb2 Bg4 12. Nxc6 bxc6 13. f3 Be6 14. h3 Qb6
15. f4 Nxc4 16. Nd5 cxd5 17. Bxg7 Nxe3 18. Bd4 Nxd1 19. Bxb6 axb6 20. Rfxd1
Rfc8 21. Bxd5 Bxd5 22. Rxd5 Rc3 23. Rb5 Rxg3+ 24. Kf2 Rxh3 25. a4 Rc8 26. Kg2
Re3 27. Kf2 Rh3 28. Kg2 Rd3 29. Rxb6 Rc2+ 30. Kg1 Rg3+ 31. Kh1 Rg4 32. Rb4 e5
33. a5 exf4 34. Rc4 Re2 35. a6 Re5 36. Rc2 Re8 37. a7 Ra8 38. Rc4 1-0

[Event "VI Festival Grand Hotel Adriatico A"]
[Site "Montesilvano ITA"]
[Date "2015.03.07"]
[Round "1"]
[White "Parrini, Daniele"]
[Black "Sbraccia, Giovanni"]
[WhiteElo "2200"]
[BlackElo "1970"]
[Result "1-0"]
[PlyCount "51"]
[EventDate "2015.03.07"]

1. e4 c6 2. d4 d5 3. e5 Bf5 4. Nf3 e6 5. Be2 Nd7 6. O-O c5 7. c4 Be4 8. Nc3 Ne7
9. cxd5 Bxd5 10. Bg5 f6 11. exf6 gxf6 12. Be3 Bg7 13. dxc5 O-O 14. Rc1 f5 15.
Nxd5 Nxd5 16. Bc4 Ne5 17. Nxe5 Bxe5 18. Bxd5 Qxd5 19. Qxd5 exd5 20. Rfd1 Bxb2
21. Rb1 f4 22. Bxf4 Rxf4 23. Rxb2 Rc4 24. Rxb7 Rxc5 25. g3 Rc2 26. Rxd5 1-0

[Event "VI Festival Grand Hotel Adriatico A"]
[Site "Montesilvano ITA"]
[Date "2015.03.07"]
[Round "2"]
[White "Capitelli, Paolo"]
[Black "Lantini, Marco"]
[WhiteElo "2058"]
[BlackElo "2095"]
[Result "1/2-1/2"]
[PlyCount "55"]
[EventDate "2015.03.07"]

1. e4 e5 2. Nf3 Nc6 3. Bc4 Nf6 4. d3 Bc5 5. Nc3 d6 6. Bg5 h6 7. Bxf6 Qxf6 8.
Nd5 Qd8 9. c3 a6 10. d4 Ba7 11. dxe5 Nxe5 12. Nxe5 dxe5 13. Qe2 c6 14. Ne3 Qg5
15. Qf3 O-O 16. O-O Be6 17. Bb3 Rad8 18. Rad1 Bxe3 19. Qxe3 Qxe3 20. fxe3 Bxb3
21. axb3 f6 22. Kf2 Kf7 23. Ke2 Ke6 24. Rfe1 g6 25. Rg1 Ke7 26. Rgf1 Ke6 27.
Rg1 Ke7 28. Rgf1 1/2-1/2

[Event "VI Festival Grand Hotel Adriatico A"]
[Site "Montesilvano ITA"]
[Date "2015.03.07"]
[Round "2"]
[White "Di Gregorio, Romeo"]
[Black "Laketic, Gojko"]
[WhiteElo "1885"]
[BlackElo "2407"]
[Result "0-1"]
[PlyCount "139"]
[EventDate "2015.03.07"]

1. d4 Nf6 2. c4 c6 3. Nc3 d5 4. e3 e6 5. Nf3 Nbd7 6. Qc2 a6 7. b3 b6 8. Bd3 Bb7
9. Bb2 Bd6 10. O-O O-O 11. cxd5 cxd5 12. Rfc1 Qe7 13. a4 Rfc8 14. Qe2 Ne4 15.
Nd2 f5 16. f3 Nxd2 17. Qxd2 Nb8 18. Na2 Nc6 19. f4 Na5 20. Bc2 Nc6 21. Bc3 Ba3
22. Rcb1 a5 23. Bb2 Bd6 24. Bc3 Ba6 25. Bd3 Qb7 26. Qe2 Bxd3 27. Qxd3 Rc7 28.
Bb2 Rac8 29. Rc1 Qb8 30. Qb5 h6 31. Kf2 Kh7 32. g3 Qb7 33. Qe2 Qb8 34. Qf1 Na7
35. Rxc7 Rxc7 36. Rc1 Qc8 37. Rxc7 Qxc7 38. Qc1 Qxc1 39. Nxc1 Kg6 40. Nd3 Kf7
41. Ke2 g5 42. Bc3 Nc6 43. Be1 g4 44. Bc3 Ke8 45. Ne5 Na7 46. Kd3 Nc8 47. Be1
Ba3 48. Bd2 Nd6 49. Be1 Ne4 50. Kc2 Bd6 51. Nd3 Be7 52. Bc3 h5 53. Be1 Bf6 54.
Nf2 Nd6 55. Nd3 Kd8 56. Bf2 Ne4 57. Be1 Kc8 58. Nf2 Nd6 59. Kd3 h4 60. Nd1 h3
61. Nc3 Be7 62. Bd2 Kb7 63. Be1 Ne8 64. Bd2 Nf6 65. Ke2 Bb4 66. Be1 Kc6 67. Bd2
Bxc3 68. Bxc3 Ne4 69. Be1 Kb7 70. Bxa5 0-1

[Event "VI Festival Grand Hotel Adriatico A"]
[Site "Montesilvano ITA"]
[Date "2015.03.07"]
[Round "2"]
[White "Foglia, Maurizio"]
[Black "Parrini, Daniele"]
[WhiteElo "2085"]
[BlackElo "2200"]
[Result "1-0"]
[PlyCount "129"]
[EventDate "2015.03.07"]

1. d4 Nf6 2. Nf3 g6 3. Nc3 d5 4. Bf4 Bg7 5. Qd2 Ne4 6. Nxe4 dxe4 7. Ne5 Nd7 8.
Nxd7 Qxd7 9. e3 O-O 10. Qc3 c6 11. Be2 b6 12. O-O-O c5 13. Be5 Bxe5 14. dxe5
Qf5 15. f4 exf3 16. gxf3 Bb7 17. h4 Qh5 18. Rdf1 f6 19. Qc4+ Kh8 20. f4 Qh6 21.
exf6 Bxh1 22. fxe7 Rfe8 23. Rxh1 Rxe7 24. Bf3 Rf8 25. Qc3+ Qg7 26. Qd2 Qf6 27.
Bd5 Rfe8 28. e4 Rf8 29. h5 gxh5 30. f5 Rg7 31. Qh2 Qg5+ 32. Kb1 Qg2 33. Qxg2
Rxg2 34. Kc1 Rg5 35. Kd2 Kg7 36. Ke3 Kf6 37. Kf3 Ke5 38. c4 Rf6 39. Be6 Rxe6
40. fxe6 Kxe6 41. Rd1 h4 42. Rd5 h6 43. Rd2 Ke5 44. Rd5+ Ke6 45. Rd2 h3 46. Rh2
Rg2 47. Rxh3 Rxb2 48. Rxh6+ Ke5 49. Rh5+ Kf6 50. e5+ Ke6 51. Ke4 Re2+ 52. Kf4
Rxa2 53. Rh6+ Ke7 54. Rh7+ Ke6 55. Rh6+ Kf7 56. Kf5 Rf2+ 57. Ke4 Rd2 58. Kf5
Rd4 59. Rh7+ Ke8 60. Rxa7 Rxc4 61. Ke6 Kd8 62. Kd6 Rd4+ 63. Kc6 Rb4 64. Kd6 Ke8
65. Ra8+ 1-0

[Event "VI Festival Grand Hotel Adriatico A"]
[Site "Montesilvano ITA"]
[Date "2015.03.07"]
[Round "2"]
[White "Gromovs, Sergejs"]
[Black "Cappai, Davide"]
[WhiteElo "2144"]
[BlackElo "2249"]
[Result "1/2-1/2"]
[PlyCount "68"]
[EventDate "2015.03.07"]

1. d4 Nf6 2. c4 g6 3. Nc3 Bg7 4. e4 d6 5. Nf3 O-O 6. Be2 c5 7. d5 e6 8. O-O Re8
9. dxe6 Bxe6 10. Bf4 Nc6 11. Bxd6 Qa5 12. Nd2 Nd4 13. e5 Nd7 14. f4 Nf5 15. Nb3
Qb4 16. Qd3 Nxd6 17. exd6 Bf5 18. Qd2 Nb6 19. Rac1 Rad8 20. Rfd1 a5 21. Nb5 a4
22. Qxb4 cxb4 23. N3d4 Rxe2 24. Nxe2 Bxb2 25. c5 Bxc1 26. Rxc1 b3 27. axb3 axb3
28. Nbc3 b2 29. Re1 Nd7 30. Nd4 Bd3 31. Nb3 Bc2 32. Nd4 Bd3 33. Nb3 Bc2 34. Nd4
Bf5 1/2-1/2

[Event "VI Festival Grand Hotel Adriatico A"]
[Site "Montesilvano ITA"]
[Date "2015.03.07"]
[Round "2"]
[White "Marsili, Riccardo"]
[Black "Maksimovic, Miodrag"]
[WhiteElo "2210"]
[BlackElo "2030"]
[Result "1/2-1/2"]
[PlyCount "80"]
[EventDate "2015.03.07"]

1. c4 Nf6 2. g3 e6 3. Bg2 c5 4. Nf3 Nc6 5. O-O Be7 6. b3 O-O 7. Bb2 d5 8. e3 d4
9. exd4 cxd4 10. Re1 Rb8 11. Na3 a5 12. Nb5 Bc5 13. d3 Re8 14. Bc1 e5 15. Bg5
Bg4 16. h3 Bh5 17. a3 h6 18. Bxf6 Qxf6 19. g4 Bg6 20. Nc7 Rec8 21. Nd5 Qd6 22.
b4 axb4 23. axb4 Bxb4 24. Nxb4 Qxb4 25. Nxe5 Nxe5 26. Rxe5 b5 27. Rb1 Qa3 28.
Qb3 Qxb3 29. Rxb3 bxc4 30. Rxb8 Rxb8 31. dxc4 Rb1+ 32. Kh2 d3 33. Rd5 Rc1 34.
c5 d2 35. Rxd2 Rxc5 36. f4 Bb1 37. f5 Rc2 38. Rd8+ Kh7 39. Kg3 Rc3+ 40. Kh2 Rc2
1/2-1/2

[Event "VI Festival Grand Hotel Adriatico A"]
[Site "Montesilvano ITA"]
[Date "2015.03.07"]
[Round "2"]
[White "Martorelli, Antonio"]
[Black "Marvulli, Dario"]
[WhiteElo "2284"]
[BlackElo "1931"]
[Result "1-0"]
[PlyCount "35"]
[EventDate "2015.03.07"]

1. e4 e6 2. d4 d5 3. Nc3 Nf6 4. e5 Nfd7 5. Nf3 c5 6. dxc5 Bxc5 7. Bd3 Nc6 8.
Bf4 O-O 9. Bxh7+ Kxh7 10. Ng5+ Kg6 11. Qd3+ f5 12. Qg3 Qe7 13. Nxe6+ Kh7 14.
Ng5+ Kg8 15. Nxd5 Qe8 16. Qb3 Rf7 17. Nc7 Qe7 18. Nxf7 1-0

[Event "VI Festival Grand Hotel Adriatico A"]
[Site "Montesilvano ITA"]
[Date "2015.03.07"]
[Round "2"]
[White "Pierantozzi, Stanislao"]
[Black "Carnicelli, Valerio"]
[WhiteElo "2064"]
[BlackElo "2148"]
[Result "1-0"]
[PlyCount "63"]
[EventDate "2015.03.07"]

1. d4 d5 2. c4 c6 3. Nf3 Nf6 4. Qc2 e6 5. g3 Nbd7 6. Bg2 Be7 7. O-O O-O 8. Nbd2
b6 9. e4 Ba6 10. e5 Ne8 11. Re1 Nc7 12. b3 Rc8 13. Bb2 c5 14. Bf1 dxc4 15. Nxc4
cxd4 16. Nxd4 Nd5 17. Qe4 Nc5 18. Qg4 b5 19. Nd6 Bxd6 20. exd6 Nf6 21. Qf4 Qb6
22. Rad1 Ncd7 23. Nf3 Rc2 24. Bd4 Qc6 25. Bxf6 Bb7 26. Be7 Qxf3 27. Qxf3 Bxf3
28. Rd3 Bh5 29. Bxf8 Kxf8 30. a4 b4 31. Rd4 a5 32. Rc4 1-0

[Event "VI Festival Grand Hotel Adriatico A"]
[Site "Montesilvano ITA"]
[Date "2015.03.07"]
[Round "3"]
[White "Cappai, Davide"]
[Black "Martorelli, Antonio"]
[WhiteElo "2249"]
[BlackElo "2284"]
[Result "1-0"]
[PlyCount "135"]
[EventDate "2015.03.07"]

1. e4 e5 2. Nf3 Nc6 3. Bc4 Bc5 4. c3 Nf6 5. d3 d6 6. Bb3 Be6 7. Bc2 d5 8. Qe2
a6 9. h3 h6 10. Nbd2 O-O 11. Nf1 b5 12. Ng3 d4 13. O-O dxc3 14. bxc3 b4 15. Ba4
Ne7 16. cxb4 Bxb4 17. Bb2 Nd7 18. Bxd7 Bxd7 19. Nxe5 Ba4 20. Rac1 f6 21. Nc4
Nc6 22. Nf5 Ne7 23. Ng3 Bc5 24. Ne3 Bb6 25. Nh5 Qd7 26. Ba3 Rf7 27. Nf4 Rd8 28.
Bxe7 Rxe7 29. Nfd5 Ree8 30. Qf3 Bc6 31. Rfd1 Ba4 32. Rf1 Bc6 33. Rfd1 Ba4 34.
Qg3 Qd6 35. Qxd6 Rxd6 36. Rd2 Ba5 37. Rb2 c6 38. Nc4 Rdd8 39. Nc3 Bxc3 40. Rxc3
Bb5 41. f3 Rd4 42. Kf2 Red8 43. Ke3 c5 44. Rd2 g5 45. Na3 f5 46. Nxb5 f4+ 47.
Ke2 axb5 48. Rxc5 Rb4 49. h4 gxh4 50. Rf5 h3 51. gxh3 Rc8 52. Rxf4 Rc1 53. d4
Rh1 54. e5 Ra4 55. Rg4+ Kf7 56. Rg2 Ke6 57. Rg6+ Kf7 58. Rf6+ Kg7 59. Ke3 Rxh3
60. Rg2+ Kh7 61. Rf7+ Kh8 62. Rf8+ Kh7 63. Rf7+ Kh8 64. e6 Rh1 65. Rf8+ Kh7 66.
Rf7+ Kh8 67. e7 Re1+ 68. Kf2 1-0

[Event "VI Festival Grand Hotel Adriatico A"]
[Site "Montesilvano ITA"]
[Date "2015.03.07"]
[Round "3"]
[White "Carnicelli, Valerio"]
[Black "Di Lascio, Savino"]
[WhiteElo "2148"]
[BlackElo "1875"]
[Result "1-0"]
[PlyCount "125"]
[EventDate "2015.03.07"]

1. e4 c6 2. d4 d5 3. Nc3 dxe4 4. Nxe4 Nf6 5. Nxf6+ gxf6 6. Nf3 Bf5 7. g3 Qd5 8.
Be3 e6 9. Bg2 Qc4 10. c3 Nd7 11. Qd2 Nb6 12. b3 Qd3 13. Qxd3 Bxd3 14. Rd1 Ba6
15. c4 Bb4+ 16. Nd2 O-O-O 17. O-O h5 18. Nb1 Nxc4 19. bxc4 Bxc4 20. a3 Ba5 21.
Nd2 Bxf1 22. Kxf1 Bb6 23. Nc4 Bc7 24. a4 h4 25. a5 hxg3 26. hxg3 Rh5 27. a6 b5
28. Nd2 Bb6 29. Bxc6 Bxd4 30. Bb7+ Kc7 31. Rc1+ Rc5 32. Rxc5+ Bxc5 33. Bxc5
Rxd2 34. Bxa7 b4 35. Ke1 Ra2 36. Kd1 b3 37. Kc1 e5 38. Kb1 f5 39. Be3 Kb8 40.
Bb6 f6 41. Bc5 Kc7 42. Be3 Kb8 43. Bb6 f4 44. gxf4 exf4 45. Bd4 Kc7 46. Bxf6 f3
47. Bd4 Kb8 48. Bb6 Rb2+ 49. Kc1 Rc2+ 50. Kd1 Ra2 51. Bd4 Ra4 52. Be5+ Ka7 53.
Kc1 Ra2 54. Kb1 Kb6 55. Bd4+ Kc7 56. Ba7 Ra5 57. Kb2 Rf5 58. Kxb3 Rf6 59. Bd4
Re6 60. Kc4 Rg6 61. Kb5 Rg5+ 62. Bc5 Rf5 63. Be4 1-0

[Event "VI Festival Grand Hotel Adriatico A"]
[Site "Montesilvano ITA"]
[Date "2015.03.07"]
[Round "3"]
[White "Foglia, Maurizio"]
[Black "Pierantozzi, Stanislao"]
[WhiteElo "2085"]
[BlackElo "2064"]
[Result "1-0"]
[PlyCount "63"]
[EventDate "2015.03.07"]

1. d4 Nf6 2. Nf3 e6 3. Bg5 d5 4. Nbd2 Nbd7 5. e3 Be7 6. Bd3 O-O 7. O-O c5 8. c3
b6 9. Ne5 Nxe5 10. dxe5 Nd7 11. Bf4 f5 12. exf6 Bxf6 13. Qh5 g6 14. Bxg6 hxg6
15. Qxg6+ Kh8 16. Bd6 Be7 17. Qh6+ Kg8 18. Qxe6+ Rf7 19. Qxd5 Nf6 20. Qxa8 Bxd6
21. f4 Rb7 22. Nc4 Be7 23. Rad1 Qc7 24. Ne5 Kg7 25. Rf3 Ne4 26. f5 Kf6 27. Rd7
Qxe5 28. Qxc8 Rb8 29. Qc6+ Bd6 30. Rf4 Kg5 31. Qxe4 Rh8 32. Rg4+ 1-0

[Event "VI Festival Grand Hotel Adriatico A"]
[Site "Montesilvano ITA"]
[Date "2015.03.07"]
[Round "3"]
[White "Laketic, Gojko"]
[Black "Gromovs, Sergejs"]
[WhiteElo "2407"]
[BlackElo "2144"]
[Result "1-0"]
[PlyCount "93"]
[EventDate "2015.03.07"]

1. d4 Nf6 2. Nf3 g6 3. c4 Bg7 4. Nc3 O-O 5. e4 d6 6. h3 c5 7. d5 e6 8. Bd3 exd5
9. exd5 Re8+ 10. Be3 Nbd7 11. O-O a6 12. a4 b6 13. Qd2 Rb8 14. Rfe1 Ne5 15.
Nxe5 dxe5 16. Bg5 Bd7 17. Rad1 Qc7 18. Bf1 Qd6 19. b3 Qf8 20. d6 h6 21. Bxf6
Bxf6 22. Nd5 Bg7 23. Ne7+ Kh7 24. a5 f5 25. axb6 Rxb6 26. Qa5 Rxb3 27. Qxc5 e4
28. Qc7 Ba4 29. d7 Rd8 30. Nc6 Bxc6 31. Qxc6 Qe7 32. Qd6 Bf8 33. Qc7 Bg7 34. c5
Be5 35. Qc8 Rb8 36. Qc6 a5 37. Rd5 Rb2 38. Red1 e3 39. fxe3 Bg3 40. Kh1 Rb4 41.
Rd6 Qxd6 42. Qxd6 Bxd6 43. Rxd6 Rb1 44. c6 Rc1 45. Re6 a4 46. Kg1 a3 47. Re7+
1-0

[Event "VI Festival Grand Hotel Adriatico A"]
[Site "Montesilvano ITA"]
[Date "2015.03.07"]
[Round "3"]
[White "Lantini, Marco"]
[Black "Santinelli, Michele"]
[WhiteElo "2095"]
[BlackElo "1926"]
[Result "1-0"]
[PlyCount "139"]
[EventDate "2015.03.07"]

1. d4 d5 2. Nf3 Bf5 3. g3 c6 4. Bg2 Nf6 5. O-O e6 6. Nbd2 h6 7. c4 Bd6 8. b3
Nbd7 9. Bb2 O-O 10. Re1 Ne4 11. Nxe4 Bxe4 12. a3 Qf6 13. Qd2 a5 14. Qe3 Bxf3
15. Qxf3 Qxf3 16. Bxf3 f5 17. Bg2 a4 18. c5 Bc7 19. Bc3 e5 20. e3 e4 21. Reb1
axb3 22. Rxb3 b5 23. cxb6 Nxb6 24. Bb4 Rfb8 25. Bh3 g6 26. Rc1 Nc4 27. Bf1 Nd2
28. Rbc3 Ba5 29. Rxc6 Bxb4 30. axb4 Kf7 31. Rc7+ Kf6 32. R1c6+ Kg5 33. Be2 Nf3+
34. Kg2 Ne1+ 35. Kh1 Nf3 36. h4+ Kg4 37. Rxg6+ Kh5 38. Rgc6 Ra1+ 39. Rc1 Rxc1+
40. Rxc1 Rxb4 41. Kg2 Kg4 42. Rc8 f4 43. Rg8+ Kf5 44. Bxf3 exf3+ 45. Kxf3 fxe3
46. fxe3 Rb1 47. Rf8+ Kg6 48. Rd8 Rb5 49. g4 Kf6 50. Rd6+ Kg7 51. Kf4 Ra5 52.
Kf5 Ra3 53. Rd7+ Kg8 54. Kf4 Ra5 55. Rc7 Ra6 56. g5 hxg5+ 57. hxg5 Ra8 58. Rd7
Rf8+ 59. Kg4 Re8 60. Kf3 Rf8+ 61. Kg4 Re8 62. Kf4 Rf8+ 63. Ke5 Rf3 64. Rxd5
Rxe3+ 65. Kf6 Rf3+ 66. Kg6 Rf8 67. Rd7 Rb8 68. d5 Ra8 69. d6 Rf8 70. Re7 1-0

[Event "VI Festival Grand Hotel Adriatico A"]
[Site "Montesilvano ITA"]
[Date "2015.03.07"]
[Round "3"]
[White "Orfini, Nicolo'"]
[Black "Marsili, Riccardo"]
[WhiteElo "1925"]
[BlackElo "2210"]
[Result "0-1"]
[PlyCount "84"]
[EventDate "2015.03.07"]

1. e4 c5 2. Nf3 Nc6 3. Bb5 Nd4 4. Nxd4 cxd4 5. O-O g6 6. d3 Bg7 7. Nd2 Nf6 8.
Nf3 Qa5 9. Bc4 d5 10. exd5 Nxd5 11. Bd2 Qd8 12. Ng5 O-O 13. Re1 h6 14. Ne4 b6
15. Ng3 Bb7 16. Qg4 Kh7 17. Qh4 Qd7 18. Re2 Rae8 19. Ne4 f6 20. Rae1 e5 21. f3
Ne7 22. Ng3 Bd5 23. Bb3 Bxb3 24. axb3 Qc6 25. Bb4 a5 26. Bxe7 Rxe7 27. Qe4 Qxe4
28. Nxe4 Rc7 29. g3 g5 30. g4 Rc6 31. Ng3 Rfc8 32. Rc1 Bf8 33. Ne4 Kg6 34. Kf1
b5 35. Ke1 a4 36. bxa4 bxa4 37. Kd1 Rb8 38. c3 Rb3 39. Rcc2 a3 40. bxa3 dxc3
41. Ra2 Bxa3 42. Kc2 Rb2+ 0-1

[Event "VI Festival Grand Hotel Adriatico A"]
[Site "Montesilvano ITA"]
[Date "2015.03.07"]
[Round "3"]
[White "Parrini, Daniele"]
[Black "Capitelli, Paolo"]
[WhiteElo "2200"]
[BlackElo "2058"]
[Result "1/2-1/2"]
[PlyCount "69"]
[EventDate "2015.03.07"]

1. e4 c5 2. Nf3 e6 3. d4 cxd4 4. Nxd4 Nf6 5. Nc3 Nc6 6. Nxc6 bxc6 7. Bd3 d5 8.
O-O Be7 9. b3 O-O 10. Bb2 e5 11. Qe2 d4 12. Na4 c5 13. Bc1 Be6 14. f4 exf4 15.
Bxf4 Nd7 16. Nb2 Nb6 17. Bd2 Bg5 18. Ba5 Be3+ 19. Kh1 Qg5 20. Bxb6 axb6 21. Nc4
Bxc4 22. Bxc4 g6 23. Bd5 Ra7 24. Qb5 Qd8 25. Bc4 Qc7 26. Bd5 Ra5 27. Qd3 Qe5
28. Qc4 Ra7 29. Qb5 Qc7 30. Rf6 d3 31. cxd3 Bd4 32. Rc6 Qf4 33. Rb1 Rxa2 34. e5
Rf2 35. Rf6 1/2-1/2

[Event "VI Festival Grand Hotel Adriatico A"]
[Site "Montesilvano ITA"]
[Date "2015.03.08"]
[Round "4"]
[White "Bin-Suhayl, Ieysaa"]
[Black "Carnicelli, Flavio"]
[WhiteElo "1830"]
[BlackElo "1985"]
[Result "1-0"]
[PlyCount "77"]
[EventDate "2015.03.07"]

1. Nf3 d5 2. c4 e6 3. cxd5 exd5 4. d4 Nf6 5. Nc3 c6 6. Bg5 Bd6 7. e3 O-O 8. Bd3
h6 9. Bh4 Re8 10. O-O Nbd7 11. Qc2 Nf8 12. Bg3 Bg4 13. Nh4 Bxg3 14. hxg3 Qe7
15. Rfe1 Ne4 16. Nxe4 dxe4 17. Bxe4 g6 18. Bd3 Qf6 19. Be2 Be6 20. Nf3 Bd5 21.
Ne5 h5 22. Bc4 h4 23. Bxd5 cxd5 24. gxh4 Qxh4 25. Qb3 Rad8 26. Qxb7 Qf6 27.
Qxa7 Ne6 28. Qa6 Kg7 29. Qe2 Ng5 30. Qg4 Rh8 31. Nf3 Ne4 32. Qf4 Rh5 33. Qxf6+
Kxf6 34. Kf1 g5 35. Ke2 g4 36. Nd2 Ng5 37. Rh1 Rdh8 38. Rxh5 Rxh5 39. a4 1-0

[Event "VI Festival Grand Hotel Adriatico A"]
[Site "Montesilvano ITA"]
[Date "2015.03.08"]
[Round "4"]
[White "Capitelli, Paolo"]
[Black "Marvulli, Dario"]
[WhiteElo "2058"]
[BlackElo "1931"]
[Result "1-0"]
[PlyCount "55"]
[EventDate "2015.03.07"]

1. e4 e6 2. d4 d5 3. e5 c5 4. c3 Nc6 5. Nf3 Qb6 6. a3 Nh6 7. b4 cxd4 8. cxd4
Nf5 9. Be3 f6 10. exf6 gxf6 11. Nc3 Bd7 12. Bd3 Nxe3 13. fxe3 Nxb4 14. axb4
Bxb4 15. O-O Bxc3 16. Rc1 Bb4 17. Nh4 Ke7 18. Qh5 Bd2 19. Qh6 Raf8 20. Rcd1 Bc3
21. Bxh7 Be8 22. Qg7+ Kd6 23. Rxf6 Rxf6 24. Qxh8 Qd8 25. Bg6 Ke7 26. Qg7+ Bf7
27. Bxf7 Qf8 28. Ng6+ 1-0

[Event "VI Festival Grand Hotel Adriatico A"]
[Site "Montesilvano ITA"]
[Date "2015.03.08"]
[Round "4"]
[White "Cappai, Davide"]
[Black "Laketic, Gojko"]
[WhiteElo "2249"]
[BlackElo "2407"]
[Result "0-1"]
[PlyCount "114"]
[EventDate "2015.03.07"]

1. e4 d6 2. d4 Nf6 3. Nc3 e5 4. Nge2 c6 5. a4 a5 6. g3 Be7 7. Bg2 O-O 8. O-O
Be6 9. b3 Na6 10. h3 Nb4 11. Be3 d5 12. dxe5 Nxe4 13. Nxe4 dxe4 14. Qxd8 Rfxd8
15. Bxe4 Bxh3 16. Rfd1 f5 17. exf6 Bxf6 18. Rxd8+ Rxd8 19. Rc1 Re8 20. f3 Bf5
21. Bxf5 Rxe3 22. Kf2 Re5 23. Be4 Re8 24. Rd1 Na6 25. Bd3 Nc5 26. Bc4+ Kf8 27.
Nf4 g6 28. Re1 Bd4+ 29. Kf1 Be5 30. Ne2 Rd8 31. Rc1 Ke7 32. Kf2 h5 33. Ke3 Kf6
34. Kf2 Bc7 35. Ke1 Re8 36. Kd2 Nd7 37. Bd3 Bb6 38. Be4 Nc5 39. Nc3 Bc7 40. Rg1
Be5 41. Ne2 Nxe4+ 42. fxe4 Kg5 43. Ke3 Kg4 44. Nf4 c5 45. Rg2 g5 46. Nd5 Rf8
47. Ke2 Kh3 48. Rg1 Kh2 49. Rd1 Bxg3 50. Ne3 Rf2+ 51. Kd3 Bf4 52. Nd5 Be5 53.
Ne3 g4 54. Nf1+ Kh3 55. Ke3 g3 56. c3 Bf4+ 57. Kd3 g2 0-1

[Event "VI Festival Grand Hotel Adriatico A"]
[Site "Montesilvano ITA"]
[Date "2015.03.08"]
[Round "4"]
[White "Gromovs, Sergejs"]
[Black "Maksimovic, Miodrag"]
[WhiteElo "2144"]
[BlackElo "2030"]
[Result "1-0"]
[PlyCount "93"]
[EventDate "2015.03.07"]

1. d4 Nf6 2. c4 e6 3. Nf3 Bb4+ 4. Nbd2 c5 5. a3 Bxd2+ 6. Qxd2 cxd4 7. Nxd4 Nc6
8. b4 Nxd4 9. Qxd4 d5 10. c5 Bd7 11. e3 b6 12. Bb2 bxc5 13. Qxc5 Qe7 14. Qd4 a5
15. b5 O-O 16. a4 Rfc8 17. Bd3 Qc5 18. Qh4 Qb4+ 19. Qxb4 axb4 20. Bxf6 gxf6 21.
Kd2 Rc3 22. Rhb1 Ra3 23. Rxa3 bxa3 24. Bc2 a2 25. Ra1 Kf8 26. Bb3 Ke7 27. Rxa2
Kd6 28. Rc2 Rc8 29. Rb2 Kc5 30. Bc2 Kb6 31. Rb4 e5 32. Rh4 Ka5 33. Rh6 Be6 34.
Rxf6 Rg8 35. g3 Rg4 36. f4 d4 37. exd4 exd4 38. Rh6 Rg8 39. Rxh7 d3 40. Bxd3
Rd8 41. g4 Bc4 42. Rh3 Kb4 43. b6 Ba6 44. Kc2 Bb7 45. Re3 Kxa4 46. Be4 Re8 47.
Bc6+ 1-0

[Event "VI Festival Grand Hotel Adriatico A"]
[Site "Montesilvano ITA"]
[Date "2015.03.08"]
[Round "4"]
[White "Lantini, Marco"]
[Black "Carnicelli, Valerio"]
[WhiteElo "2095"]
[BlackElo "2148"]
[Result "1/2-1/2"]
[PlyCount "32"]
[EventDate "2015.03.07"]

1. d4 d5 2. c4 c6 3. e3 Nf6 4. Nf3 e6 5. Bd3 Nbd7 6. b3 Bb4+ 7. Nbd2 O-O 8. Qc2
Qc7 9. Bb2 b6 10. O-O Bb7 11. a3 Bd6 12. b4 h6 13. c5 Be7 14. Rfc1 b5 15. Bc3
a6 16. Rf1 Rae8 1/2-1/2

[Event "VI Festival Grand Hotel Adriatico A"]
[Site "Montesilvano ITA"]
[Date "2015.03.08"]
[Round "4"]
[White "Marsili, Riccardo"]
[Black "Pierantozzi, Stanislao"]
[WhiteElo "2210"]
[BlackElo "2064"]
[Result "0-1"]
[PlyCount "80"]
[EventDate "2015.03.07"]

1. c4 e5 2. g3 c6 3. d4 Bb4+ 4. Bd2 Bxd2+ 5. Qxd2 d6 6. Bg2 Nf6 7. Nc3 Qe7 8.
Nf3 e4 9. Ng5 d5 10. O-O h6 11. Nh3 dxc4 12. f3 e3 13. Qc1 O-O 14. Nd1 Re8 15.
Qxc4 Nbd7 16. Nc3 Nb6 17. Qb3 g5 18. Kh1 Be6 19. Qc2 Qd7 20. Ng1 Qxd4 21. Rad1
Qc5 22. Rc1 Qa5 23. Ne4 Nxe4 24. fxe4 Rad8 25. Rcd1 Rd2 26. Rxd2 exd2 27. b3
Rd8 28. Rd1 g4 29. e3 Qb4 30. Ne2 c5 31. Nc3 c4 32. Rxd2 Rxd2 33. Qxd2 cxb3 34.
axb3 Bxb3 35. h3 Be6 36. hxg4 Kg7 37. e5 Na4 38. Ne4 Qxd2 39. Nxd2 b5 40. Bc6
Nc3 0-1

[Event "VI Festival Grand Hotel Adriatico A"]
[Site "Montesilvano ITA"]
[Date "2015.03.08"]
[Round "4"]
[White "Martorelli, Antonio"]
[Black "Parrini, Daniele"]
[WhiteElo "2284"]
[BlackElo "2200"]
[Result "1-0"]
[PlyCount "113"]
[EventDate "2015.03.07"]

1. d4 Nf6 2. c4 g6 3. Nc3 d5 4. cxd5 Nxd5 5. e4 Nxc3 6. bxc3 Bg7 7. Bc4 c5 8.
Ne2 Nc6 9. Be3 O-O 10. O-O Bg4 11. f3 Bd7 12. Rb1 Qc7 13. dxc5 Na5 14. Bb5 Bxb5
15. Rxb5 Nc4 16. Bf2 Bh6 17. Qa4 Ne5 18. Qb3 Rab8 19. Rd1 a6 20. Rb4 Nc6 21.
Ra4 e5 22. Ra3 Rfd8 23. Rd5 Ne7 24. c4 Bf8 25. Qe3 f5 26. Rad3 f4 27. Qc1 Nxd5
28. cxd5 Rbc8 29. Rc3 Qa5 30. Qc2 b6 31. c6 b5 32. Qb3 Bd6 33. g3 g5 34. Kg2
Kg7 35. Nc1 h5 36. Nd3 Kf6 37. h4 g4 38. gxf4 Qc7 39. Rc1 Rg8 40. fxe5+ Bxe5
41. f4 Bxf4 42. Bd4+ Kg6 43. Rf1 Rgf8 44. e5 Bh6 45. Qc2 Kg7 46. d6 Qxc6+ 47.
Qxc6 Rxc6 48. e6+ Kg8 49. e7 Rxd6 50. Rxf8+ Bxf8 51. exf8=Q+ Kxf8 52. Bc5 Ke7
53. Nf4 Kd7 54. Bxd6 Kxd6 55. Nxh5 Ke5 56. Kg3 a5 57. Nf4 1-0